Statystyki dla Total War Shogun 2 - wymień wszystkie oddziały i agentów

Kliknij tutaj aby rozwiązać quiz!

Ogólne statystyki

  • Ten quiz został rozwiązany 5 razy
  • Średni wynik to 41 z 64

Statystyki odpowiedzi

Jednostka% Poprawnych
Ashigaru z yari
100%
Bohater z kataną
100%
Bohater z yari
100%
Gejsza
100%
Generał
100%
Jazda z katanami
100%
Jazda z yari
100%
Konni Łucznicy
100%
Lekka jazda
100%
Łucznicy ashigaru
100%
Metsuke
100%
Mnich
100%
Ninja
100%
Ninja Kisho
100%
Samuraje z katanami
100%
Samuraje z no-dachi
100%
Samuraje z yari
100%
Armaty
67%
Ashigaru ikko ikki z pożyczonym mieczem
67%
Ashigaru z rusznicami z importu
67%
Bohaterskie Hime Gozen
67%
Bohater z łukiem
67%
Cienie Hanzo
67%
Jazda yabusame Yoritomo
67%
Jazda z katanami Kiyomasy
67%
Mangonele ogniowe
67%
Miotacze bomb
67%
Mnisi wojownicy z łukami
67%
Mnisi wojownicy z naginatami
67%
Mniszki-wojowniczki
67%
Onna Bushi
67%
Ostrze Benkeia
67%
Rakiety zapalające
67%
Samuraje łucznicy
67%
Samuraje z naginatami
67%
Samuraje z rusznicami
67%
Świta samurajska
67%
Szermierze Seigena
67%
Wielka Gwardia
67%
Włócznie Shizugatake
67%
Wojownicy z tetsubo Tadakatsu
67%
Ashigaru Odów z długim yari
33%
Ashigaru Otomo z hakownicami
33%
Bandyci Hattori
33%
Ciężka artyleria Shimazu
33%
Jazda Mnichów-wojowników z naginatami
33%
Jazda Ogniowa
33%
Konnica z garłaczami
33%
Konni strzelcy Tokugawów
33%
Misjonarz
33%
Mnich Bohater z naginatą
33%
Mnisi maratończycy Ikko Ikki
33%
Mnisi maratończycy Uesugi
33%
Mnisi wojownicy z rusznicami
33%
Moździerzyści Hojo
33%
Najeźdzcy wako z Mori
33%
Opancerzeni samuraje z Date
33%
Portugalskie Terco
33%
Ronin z kataną
33%
Ronin z łukiem
33%
Ronin z yari
33%
Samuraje daikyu
33%
Samuraje Otomo z hakownicami
33%
Tanegashima Tokitaki
33%

Rozkład punktacji

Percentyl według liczby udzielonych odpowiedzi

Procent ludzi z każdym wynikiem

Twoja historia wyników

Nie rozwiązałeś tego quizu